000
00234nam a2200109Ia 4500
008
230320s9999||||xx |||||||||||||| ||spa||
082
_a
193/S75
100
_a
Spinoza, Baruch
245
0
_a
Ética
260
_b
Aguilar
942
_8
0
_c
LIB
999
_c
26367
_d
26367